000 00388nam a22001577a 4500
003 OSt
082 _a632.7
_bGOV/AE
245 _aAESA based IPM package :
_bapricot
260 _aHyderabad
_bNational Institute of Plant Health Management
_c2015
300 _a50p.
546 _aEnglish
650 _aPests
650 _aCommon weeds
650 _aSafety measures
942 _2ddc
_cREF
999 _c163642
_d163642